Online katalóg knižníc regiónu Turca

Zdanie neklame ; Pozornosť podniku (Record no. 20698)

MARC details
000 -LEADER
fixed length control field 01667cam a2200457 a 4500
001 - CONTROL NUMBER
control field 20698
003 - CONTROL NUMBER IDENTIFIER
control field VRT
005 - DATE AND TIME OF LATEST TRANSACTION
control field 20260130104718.0
008 - FIXED-LENGTH DATA ELEMENTS--GENERAL INFORMATION
fixed length control field 250414s1991 xo 000 f slo
015 ## - NATIONAL BIBLIOGRAPHY NUMBER
National bibliography number SNBA1991/11
020 ## - INTERNATIONAL STANDARD BOOK NUMBER
International Standard Book Number 8022003026
Qualifying information (viaz.)
035 ## - SYSTEM CONTROL NUMBER
System control number F5960232-1025-4AA6-9A24-A3FBD486DFD8
035 ## - SYSTEM CONTROL NUMBER
System control number SNK000008994
035 ## - SYSTEM CONTROL NUMBER
System control number urn:nbn:sk:snk-am005buz
035 ## - SYSTEM CONTROL NUMBER
System control number urn:nbn:sk:snk-amkqrd
039 #9 - LEVEL OF BIBLIOGRAPHIC CONTROL AND CODING DETAIL [OBSOLETE]
Level of rules in bibliographic description 202504141420
Level of effort used to assign nonsubject heading access points VLOAD
Level of effort used to assign subject headings 202403151752
Level of effort used to assign classification VLOAD
Level of effort used to assign subject headings 202402261535
Level of effort used to assign classification VLOAD
Level of effort used to assign subject headings 201711291357
Level of effort used to assign classification VLOAD
040 ## - CATALOGING SOURCE
Original cataloging agency SNK
Language of cataloging slo
Transcribing agency SNK
Description conventions AACR2
041 1# - LANGUAGE CODE
Language code of text/sound track or separate title slo
Language code of original spa
044 ## - COUNTRY OF PUBLISHING/PRODUCING ENTITY CODE
MARC country code xo
ISO country code SK
080 ## - UNIVERSAL DECIMAL CLASSIFICATION NUMBER
Universal Decimal Classification number 860-3
Edition identifier 1981
100 1# - MAIN ENTRY--PERSONAL NAME
Personal name Madrid, Juan
Relationship aut
245 10 - TITLE STATEMENT
Title Zdanie neklame ; Pozornosť podniku
Statement of responsibility, etc. Juan Madrid ; [zo španielskeho originálu preložilli Yvonna Vaňková, Eva Palkovičová]
250 ## - EDITION STATEMENT
Edition statement 1. vyd.
260 ## - PUBLICATION, DISTRIBUTION, ETC.
Place of publication, distribution, etc. Bratislava
Name of publisher, distributor, etc. Slovenský spisovateľ
Date of publication, distribution, etc. 1991
Place of manufacture Trnava
Manufacturer Polygrafické závody
300 ## - PHYSICAL DESCRIPTION
Extent 319 s.
Dimensions 20 cm
490 1# - SERIES STATEMENT
Series statement Zelená knižnica
500 ## - GENERAL NOTE
General note Dokument obsahuje 2 diela
500 ## - GENERAL NOTE
General note Ilustr. tit. list.
700 1# - ADDED ENTRY--PERSONAL NAME
Personal name Palkovičová, Eva,
Dates associated with a name 1958-
Relationship trl
700 1# - ADDED ENTRY--PERSONAL NAME
Personal name Vaňková, Yvonna
Relationship trl
700 12 - ADDED ENTRY--PERSONAL NAME
Personal name Madrid, Juan
Title of a work Las apariencias no ergaňan
Language of a work Slovensky
Relationship aut
700 12 - ADDED ENTRY--PERSONAL NAME
Personal name Madrid, Juan
Title of a work Regalo de la Casa
Language of a work Slovensky
Relationship aut
740 02 - ADDED ENTRY--UNCONTROLLED RELATED/ANALYTICAL TITLE
Uncontrolled related/analytical title Pozornosť podniku
830 #0 - SERIES ADDED ENTRY--UNIFORM TITLE
Uniform title Zelená knižnica
942 ## - ADDED ENTRY ELEMENTS (KOHA)
Source of classification or shelving scheme Dewey Decimal Classification
Koha item type Krásna literatúra pre dospelých
Suppress in OPAC No
949 ## - LOCAL PROCESSING INFORMATION (OCLC)
6 17A0123925
9 P60, <05>, [BOOK], {605}
a snkSC 80377 D1
b snkKSP 7382/1991
s 6100:20140925
949 ## - LOCAL PROCESSING INFORMATION (OCLC)
6 17A0946101
a snkSC 80377
949 ## - LOCAL PROCESSING INFORMATION (OCLC)
6 273K0241324
a svkpoA 152493
b svkpo375760
o PV 2093/91
Holdings
Stav vyradenia Strata Poškodenie Spôsob nadobudnutia Domovská knižnica Aktuálna knižnica Dátum nadobudnutia Total checkouts Čiarový kód exemplára Date last seen Typ exemplára
      Dar Obecná knižnica Horná Štubňa Obecná knižnica Horná Štubňa 30.01.2026   4736200833 30.01.2026 Krásna literatúra pre dospelých
Projekt je podporený Slovenskou asociáciou knižníc
Prevádzkuje Turčianska knižnica Martin 2026